000 00848nam a2200205Ii 4500
003 JO-AjNU
008 230605s9999||||xx |||||||||||||| ||und||
017 _a399
040 _aJO-AjNU
_bara
_erda
_cJO-AjNU
041 _aara
050 1 4 _aTA705.1980
100 3 _aتاليف دونكان/مترجم مشارك: كناكنانة محمد ثابت،محمد علاء الدين حمدي، زهير رمو فتوحي,
_eauthor
_936955
245 0 0 _aالجيولوجيا الهندسية وميكانيك الصخور=Engineering Geology and Rock Mechanics، ج1
264 3 1 _aجامعة الموصل:وزارة التعليم العالي،1980
300 _aج1: 239ص
336 _atext
_btxt
_2rdacontent
337 _aunmediated
_bn
_2rdamedia
338 _avolume
_bnc
_2rdacarrier
650 4 _aالجيولوجيا الهندسية
_936956
999 _aA15399
_c18967
_d18967